|
|
|
|
| LEADER |
01105nam a22002657a 4500 |
| 001 |
37747 |
| 003 |
BD-DhAAL |
| 005 |
20260429161535.0 |
| 008 |
220220t1999 bg |||| |||| 00| 0 ben d |
| 020 |
|
|
|a 9840502000
|
| 040 |
|
|
|a BD-DhAAL
|c BD-DhAAL
|
| 041 |
|
|
|a ben
|
| 082 |
|
|
|a 335.109
|2 20
|
| 100 |
|
|
|a শর্মা, দ্বিজেন.
|9 45907
|
| 245 |
|
|
|a সমাজতন্ত্রে বসবাস /
|c দ্বিজেন শর্মা.
|
| 246 |
|
|
|a Samajtantre basabas
|
| 260 |
|
|
|a ঢাকা :
|b ইউনিভার্সিটি প্রেস,
|c ১৯৯৯.
|
| 300 |
|
|
|a viii, ১৯২ পৃষ্ঠা ;
|c ২১ সে.মি.
|
| 541 |
|
|
|a Complimentary copy from BIED
|e 37747
|
| 650 |
|
|
|a Socialism
|x History.
|9 45908
|
| 650 |
|
|
|a Socialism.
|9 45909
|
| 852 |
|
|
|a Ayesha Abed Library
|c BIED Collection
|
| 942 |
|
|
|2 ddc
|c BK
|
| 999 |
|
|
|c 43537
|d 43537
|
| 952 |
|
|
|0 0
|1 0
|2 ddc
|4 0
|6 335_109000000000000_SAR
|7 0
|9 69835
|a BRACUL
|b BRACUL
|c GEN
|d 2022-02-20
|e Complimentary copy from BIED
|l 0
|o 335.109 SAR
|p 3010037747
|r 2022-02-20
|t 1
|w 2022-02-20
|y BK
|x Transferred from BIED to General Stacks
|